000 00528nam a2200229Ia 4500
003 OSt
005 20220924150124.0
006 a|||||r|||| 00| 0
007 ta
008 220923b |||||||| |||| 00| 0 tel d
024 _a331865
037 _cTextual
040 _aARTS
_cARTS
_btel
041 _2tel
_atel
082 _aO35,1x, M9
100 _aRaju
245 0 _aSurya dhwayan
260 _c1989
650 _aTELUGU POETRY
942 _hO35,1x, M9
_cTEXL
_2CC
999 _c462265
_d462265